[Event "Benidorm op U2000 13th"]
[Site "Benidorm"]
[Date "2014.12.07"]
[Round "10"]
[White "Karpach, Shaban"]
[Black "Boj Marques, Javier"]
[Result "1/2-1/2"]
[WhiteElo "1748"]
[BlackElo "1978"]
[PlyCount "23"]
[EventDate "2014.11.28"]
[EventType "swiss"]
[EventRounds "10"]
[EventCountry "ESP"]
[SourceTitle "CBM 163 Extra"]
[Source "ChessBase"]
[SourceDate "2014.12.23"]
[SourceVersion "1"]
[SourceVersionDate "2014.12.23"]
[SourceQuality "1"]

1. e4 e6 2. d4 d5 3. e5 c5 4. c3 Qb6 5. Nf3 Nc6 6. Be2 Nh6 7. 0-0 cxd4 8. cxd4 Nf5 9. Nc3 Ncxd4 10. Nxd4 Nxd4 11. Be3 Nxe2+ 12. Qxe2 1/2-1/2

[Event "Blagoevgrad op"]
[Site "Blagoevgrad"]
[Date "2013.10.02"]
[Round "7"]
[White "Karpach, Shaban"]
[Black "Portokalski, Yordan"]
[Result "1-0"]
[WhiteElo "1577"]
[BlackElo "1664"]
[PlyCount "81"]
[EventDate "2013.09.28"]
[EventType "swiss"]
[EventRounds "9"]
[EventCountry "BUL"]
[SourceTitle "CBM 156 Extra"]
[Source "ChessBase"]
[SourceDate "2013.10.22"]
[SourceVersion "1"]
[SourceVersionDate "2013.10.22"]
[SourceQuality "1"]

1. e4 c6 2. Nf3 d5 3. exd5 cxd5 4. d4 Nc6 5. Be2 g6 6. Be3 Bg7 7. h3 e6 8. c3 Nge7 9. Bg5 Qb6 10. Qb3 Qxb3 11. axb3 Bd7 12. b4 Nf5 13. g4 Nd6 14. Nbd2 f6 15. Bh4 e5 16. dxe5 fxe5 17. Bg3 0-0 18. b5 Nd8 19. Nxe5 Bxe5 20. Bxe5 Nxb5 21. Ra5 a6 22. 0-0 Rc8 23. Bg3 Re8 24. Bf3 Bc6 25. Raa1 Nf7 26. Bg2 Re2 27. Bf4 Re6 28. Rad1 d4 29. c4 Bxg2 30. Kxg2 Nbd6 31. Nf3 Nxc4 32. Nxd4 Rf6 33. Bg3 Nxb2 34. Rb1 Rb6 35. Bf4 Rc4 36. Be3 Ra4 37. Rfc1 Ra2 38. Rc8+ Kg7 39. Nf5+ gxf5 40. Bxb6 Nd3 41. Bd4+ 1-0